|
|
|
|
| LEADER |
00000nab a2200000 a 4500 |
| 001 |
vtls000225666 |
| 003 |
SK-MaSNL |
| 005 |
20260426034417.0 |
| 008 |
250422c1985 xo 0 slo |
| 015 |
|
|
|a SNBRB19rr/mm-uuuuu
|
| 035 |
|
|
|a CL0235780
|
| 035 |
|
|
|a urn:nbn:sk:snk-ab1tnl
|
| 035 |
|
|
|a (urnnbn)urn:nbn:sk:snk:ar-a00x2x
|
| 035 |
|
|
|a (uuid)6d18aa01-b8ad-4b88-a80c-6fef8c69e202
|
| 040 |
|
|
|a SNKBUCL
|b slo
|c SNKBUCL
|e AACR2
|
| 041 |
0 |
|
|a slo
|
| 044 |
|
|
|a xo
|c SK
|
| 080 |
|
|
|a 78.091.4:782/789
|2 1981
|
| 080 |
|
|
|a 782/789
|2 1981
|
| 100 |
|
|
|a Vajda, Igor,
|d 1935-2001
|4 aut
|9 461792
|
| 245 |
1 |
0 |
|a Rok pred jubileom 1
|b 19. prehliadka mladých koncertných umelcov v Trenčianskych Tepliciach
|c Igor Vajda
|
| 300 |
|
|
|b Obr. 2.
|
| 500 |
|
|
|a (Začiatok).
|
| 650 |
0 |
7 |
|a Prehliadka mladých koncertných umelcov 1985, Trenčianske Teplice
|2 snkbucl
|9 929519
|
| 655 |
|
7 |
|a články z novín a časopisov
|2 snkbucl
|9 267496
|
| 773 |
0 |
|
|t Hudobný život
|g Roč. 17, č. 18 (1985), s. 4
|
| 850 |
|
|
|a Slovenská národná knižnica
|
| 852 |
|
|
|a Slovenská národná knižnica
|
| 954 |
|
|
|a odborná, vedecká literatúra pôvodná (slovenská)
|2 lita
|
| 957 |
|
|
|a 5210
|
| 958 |
|
|
|a article27
|
| 958 |
|
|
|a OND
|
| 958 |
|
|
|a RK
|
| 958 |
|
|
|a EUIPO
|
| 992 |
|
|
|a RBX
|
| 999 |
|
|
|c 2731813
|d 2733743
|